000 00857nam a22002775i 4500
999 _c30635
_d30635
001 20008553
005 20200109101406.0
008 170919s2017 nyu 000 0 eng
010 _a 2017955550
020 _a9783319598819
040 _aDLC
_beng
_erda
_cDLC
042 _apcc
050 _aR837.S55
_bO75 2018
100 1 _aOriot, Denis.
245 1 0 _aPocket book for simulation debriefing in healthcare /
_cDenis Oriot, Guillaume Alinier.
260 _aCham :
_bSpringer,
_c©2018.
263 _a1710
300 _axiii,107p. :
_bCol. ill. ;
_c25 cm
500 _aIncludes index.
650 _aMedical education
650 _aHealth Education
_xmethods.
700 _aAlinier, Guillaume
906 _a0
_bibc
_corignew
_d2
_eepcn
_f20
_gy-gencatlg
942 _2lcc
_cBOOKS
_hR837.S55O75 2018